Taking Sides : Clashing views in abnormal psychology

This fourth edition of TAKING SIDES: ABNORMAL PSYCHOLOGY presents current controversial issues in a debate-style format designed to stimulate student interest and develop critical thinking skills. Each issue is thoughtfully framed with an issue summary, an issue introduction, and a postscript. An in...

Popoln opis

Shranjeno v:
Bibliografske podrobnosti
Format: Knjiga
Jezik:Undetermined
Izdano: Dubuque, IA McGraw-Hill Companies, Inc. 2007
Teme:
Oznake: Označite
Brez oznak, prvi označite!
Thư viện lưu trữ: Trung tâm Học liệu Trường Đại học Cần Thơ
LEADER 01143nam a2200205Ia 4500
001 CTU_156061
008 210402s9999 xx 000 0 und d
020 |c 19.95 
082 |a 616.89 
082 |b T136 
245 0 |a Taking Sides : 
245 0 |b Clashing views in abnormal psychology 
245 0 |c Selected, edited, and with introductions by Richard P. Halgin 
260 |a Dubuque, IA 
260 |b McGraw-Hill Companies, Inc. 
260 |c 2007 
520 |a This fourth edition of TAKING SIDES: ABNORMAL PSYCHOLOGY presents current controversial issues in a debate-style format designed to stimulate student interest and develop critical thinking skills. Each issue is thoughtfully framed with an issue summary, an issue introduction, and a postscript. An instructor’s manual with testing material is available for each volume. USING TAKING SIDES IN THE CLASSROOM is also an excellent instructor resource with practical suggestions on incorporating this effective approach in the classroom. 
650 |a Mental illness,Bệnh tâm thần 
904 |i Trọng Hải 
980 |a Trung tâm Học liệu Trường Đại học Cần Thơ